000 02402 am a2200601 a 4500
005 20240530132956.0
008 110405s2010||||cl f f |||| 001 0 spa d
020 _a9789562203050
041 _aspa
092 _c616.5
_l31
_sGUA
100 1 _aGuarda, Rubén.
_9712
245 _aDermatología esencial /
_cRubén Guarda
250 _a1a ed.
260 _aSantiago [Chile]:
_bMediterráneo;
_c2010.
300 _a434 p.
_eil.
500 _aGuarda, R. y Gubelin, W. (2010). Dermatología esencial. (1a ed.). Santiago : Mediterráneo.
590 _aCompra FACIMED Feb. 2011.
653 _aMorfología de la piel
653 _aFisiología de la piel
653 _aSemiología dermatológica básica
653 _aInfectología cutánea I: dermatosis asociadas a virus
653 _aInfectología cutánea II: dermatosis asociadas a bacterias
653 _aInfectología cutánea III: micosis cutáneas superficiales
653 _aInfectología cutánea IV: dermatosis asociadas a artrópodos y otros parásitos
653 _aInfectología cutánea V: Enfermedades de transmisión sexual
653 _aDermatitis
653 _aDermatitis atópica
653 _aPsoriasis
653 _aUrticaria y angioedema
653 _aAfecciones cutáneas autoinmunes
653 _aDermatosis inflamatorias comunes
653 _aAcné, rosacea y dermatitis perioral
653 _aAnexos cutáneos y pigmentación: trastornos comunes
653 _aTumores benignos no melanocitos
653 _aNevos melanocíticos y malignidades cutáneas
653 _aTrastornos cutáneos misceláneos
653 _aReacciones adversas medicamentosas cutáneas
653 _aPiel en trastornos sistémicos comunes
653 _aDermatosis neonatales
653 _aPatología oral inflamatoria
653 _aFotobiología y fotodermatología
653 _aExamen dermatológico segmentario
653 _aAnexo a: cuidados generales de la piel
653 _aAnexo b: terapéutica cutánea tópica
653 _aAnexo c: Algunas drogas sistémicas de uso dermatológico
653 _aAnexo d: cirugía dermatológica elemental
653 _aAnexo e: Laboratorio esencial en el diagnóstico dermatológico
653 _aAnexo f: glosario de semiología dermatológica compleja
700 1 _aGubelin, Walter.
_9713
930 _a2244
930 _a2245
942 _2ddc
_cBK
999 _c819
_d819